000 00724nam a22002177a 4500
005 20120604112648.0
008 120604t xxu||||| |||| 00| 0 eng d
010 _aENG-105412
020 _a9788190939119
_c295.00
035 _aEN-88945
037 _bDBAD/PUB
040 _aDPL
_bEng
082 _aN
100 _akatyal, Saurabh
_948382
245 _aNo flying from fate /
_cby Saurabh Katyal
260 _aDelhi
_bGyanna Books
_c2010
270 _aS-12, Plot No. B-7, Street no. 13, Madhu Vihar Market, Patpadganj
_bDelhi
_e110092
300 _a328p.
_c22cm(pbk)
942 _2ddc
_cEN
_hN
_mKAT
999 _c67448
_d67448